000
00309nam a22001217a 4500
008
160419b xxu||||| |||| 00| 0 eng d
020
_a
9780766850125
020
_a
9780766850125
041
_a
eng
080
_a
618.2
245
_a
Fundamentals of Nursin;
_c
Sue C.Delaune : Patricia K. Ladner;
942
_2
udc
_c
BK
999
_c
1443
_d
1443